Competition policy: a game-theoretic perspective (Record no. 79591)

MARC details
000 -LEADER
fixed length control field 01257nam a2200265 a 4500
008 - FIXED-LENGTH DATA ELEMENTS--GENERAL INFORMATION
fixed length control field 120416s1995 ||||||||||||||||| || u
020 ## - INTERNATIONAL STANDARD BOOK NUMBER
International Standard Book Number 0521498716
020 ## - INTERNATIONAL STANDARD BOOK NUMBER
International Standard Book Number 0521498716
050 ## - LIBRARY OF CONGRESS CALL NUMBER
Classification number HB 238 Phl
100 ## - MAIN ENTRY--PERSONAL NAME
Personal name Phlips, Louis
245 10 - TITLE STATEMENT
Title Competition policy: a game-theoretic perspective
260 ## - PUBLICATION, DISTRIBUTION, ETC.
Place of publication, distribution, etc. Cambridge:
Name of publisher, distributor, etc. Cambridge Universtiy Press
Date of publication, distribution, etc. 1995
300 ## - PHYSICAL DESCRIPTION
Extent xvi, 272 p.: ill.
350 ## -
-- 0.00
500 ## - GENERAL NOTE
General note Includes bibliographical references (p. [256]-267) and index.
650 ## - SUBJECT ADDED ENTRY--TOPICAL TERM
Topical term or geographic name entry element GAME THEORY
650 ## - SUBJECT ADDED ENTRY--TOPICAL TERM
Topical term or geographic name entry element COMPETITION--LAW AND LEGISLATION--ZIMBABWE
650 ## - SUBJECT ADDED ENTRY--TOPICAL TERM
Topical term or geographic name entry element CARTELS
650 ## - SUBJECT ADDED ENTRY--TOPICAL TERM
Topical term or geographic name entry element COMPETITION--EUROPE--CASE STUDIES
856 ## - ELECTRONIC LOCATION AND ACCESS
Uniform Resource Identifier http://www.loc.gov/catdir/toc/cam021/95010651.html
856 ## - ELECTRONIC LOCATION AND ACCESS
Uniform Resource Identifier http://www.loc.gov/catdir/description/cam027/95010651.html
995 ## -
-- ANNEX COLLECTION (Main Library)
-- 0.00
-- 025794
-- CBU-MAIN LIBRARY (Kitwe)
-- 3
-- 16.50
-- HB 238 Phl
-- AVAILABLE
-- 025794
-- Annex Low-Usage Collection
995 ## -
-- ANNEX COLLECTION (Main Library)
-- 0.00
-- 026278
-- CBU-MAIN LIBRARY (Kitwe)
-- 2
-- 16.50
-- HB 238 Phl
-- AVAILABLE
-- 026278
-- Annex Low-Usage Collection
995 ## -
-- MAIN LIBRARY OPEN ACCESS
-- 0.00
-- 025857
-- CBU-MAIN LIBRARY (Kitwe)
-- 1
-- 16.50
-- HB 238 Phl
-- AVAILABLE
-- 025857
-- Main Library Open Access Collection
999 ## -
-- 79591
-- 79591
Holdings
Withdrawn status Lost status Source of classification or shelving scheme Damaged status Not for loan Permanent Location Current Location Date acquired Full call number Barcode Date last seen Copy number Price effective from Koha item type Shelving location Total Checkouts
Withdrawn         CBU-MAIN LIBRARY, KITWE. CBU-MAIN LIBRARY, KITWE. 06/29/2023 HB 238 Phl 025794 06/29/2023 1 06/29/2023 MONOGRAPH    
          CBU-MAIN LIBRARY, KITWE. CBU-MAIN LIBRARY, KITWE. 06/29/2023 HB 238 Phl 026278 06/29/2023 2 06/29/2023 MONOGRAPH    
          CBU-MAIN LIBRARY, KITWE. CBU-MAIN LIBRARY, KITWE. 06/29/2023 HB 238 Phl 025857 06/29/2023 3 06/29/2023 MONOGRAPH